D'où vient la fortune des milliardaires français ? - Statistiques

Statistiques générales
  • Ce quiz a été pris 118 fois
  • Le résultat moyen est 5 sur 36
Statistiques - réponses
Milliardaire Initiales Entreprise % Correct
Françoise Bettencourt-Meyers Cosmétique LO L'Oréal
94%
Martin et Olivier Bouygues Divers B Bouygues
57%
Alain et Gérard Wertheimer Luxe C Chanel
56%
Xavier Niel Communications F Free
56%
Vincent Bolloré Médias C Canal +
55%
Nicolas Puech Luxe H Hermès
47%
François Pinault Luxe K Kering
34%
Laurent, Thierry, Marie-Hélène Habert-Dassault Aviation et divers GD Groupe Dassault
24%
Emmanuel, Jean-Micjel Besnier et Marie Besnier-Beauvalot Agroalimentaire L Lactalis
23%
Famille Floriel-Destezet Intérim A Adecco
12%
Patrick Drahi Médias A Altice
12%
Danielle Bellon Restauration collective et services à la personne S Sodexo
12%
Charles Edelstenne Informatique DS Dassault Système
8%
Clément Fayat BTP GF Groupe Fayat
7%
Bernard Arnault Luxe LVMH Louis Vuitton Mpët Hennessy
6%
Alain Mérieux Pharmacie B Biomérieux
5%
Mohed Altrad Matériel pour le Bâtiment GA Groupe Altrad
5%
Louis Le Duff Cafés-boulangeries GLD Groupe Le Duff
5%
Christian Latouche Expertise comptable F Fiducial
4%
Alain Taravella Immobilier A Altarea
3%
Gilles et Yves-Loïc Martin Pharmacie et agroalimentaire E Eurofins
3%
Philippe Ginestet Commerce G Gifi
3%
Norbert Dentressangle Transport GND Groupe Norbert Dentressangle
3%
François Feuillet Camping-car T Trigano
3%
Rodolphe Saadé Transport CMA CGM Compagnie maritime d'affrètement - Compagnie générale maritime
2%
Marc Ladreit de Lacharrière Divers F Fimalac
2%
Carrie Perrodo Transport P Perenco
2%
Edouard Carmignac Banque CG Carmignac Gestion
1%
Olivier Pomel Surveillance D Datadog
1%
Bernard Fraisse Pharmacie, chimie, cosmétique F Fareva
1%
Anne et Henri Beaufour Pharmacie I Ipsen
1%
Jean-Pierre Cayard Alcools LM La Martiniquaise
1%
Stéphane Bancel Pharmacie MT Moderna Therapeutics
1%
Michel Leclercq Commerce GD Groupe Decathlon
0%
Francis Holder Boulangerie GH Groupe Holdersas
0%
Lairent Junique Numérique TDCX Transformative Digital Customer Experience
0%
Aucun quiz correspondant
Distribution des résultats
% des personnes avec chaque résultat
Percentile par nombre de réponses
Votre historique - résultats
Vous n’avez pas pris ce quiz